English for science

The purpose of this course, as its title indicates, is provide students of scientific subjects (including medicine, engineering and agriculture) with core of scientific English. This basic language is made up of sentence patterns, structural (functional) words and non-structural vocabulary of each d...

Cur síos iomlán

Đã lưu trong:
Sonraí Bibleagrafaíochta
Príomhúdar: Trần, Xuân Điệp
Formáid: Leabhar
Teanga:Undetermined
Foilsithe: Hà Nội Đại học Sư phạm Hà Nội 2006
Ábhair:
Clibeanna: Cuir Clib Leis
Gan Chlibeanna, Bí ar an gcéad duine leis an taifead seo a chlibeáil!
Thư viện lưu trữ: Trung tâm Học liệu Trường Đại học Cần Thơ
LEADER 01348nam a2200217Ia 4500
001 CTU_120017
008 210402s9999 xx 000 0 und d
020 |c 20000 
082 |a 428.24 
082 |b Đ307 
100 |a Trần, Xuân Điệp 
245 0 |a English for science 
245 0 |c Trần Xuân Điệp 
260 |a Hà Nội 
260 |b Đại học Sư phạm Hà Nội 
260 |c 2006 
520 |a The purpose of this course, as its title indicates, is provide students of scientific subjects (including medicine, engineering and agriculture) with core of scientific English. This basic language is made up of sentence patterns, structural (functional) words and non-structural vocabulary of each discipline is superimposed. The course has been designed on the belief that once this basic language has been mastered - together with the principal world-building devices (prefixes and suffixes) also presented in this book - the acquisition of these special vocabularies presents very little difficulty, since they are mainly international words and therefore very similar to those already used in Vietnamese, the learners' mother tongue. 
650 |a English language,English language,Listening 
650 |x Spoken English 
904 |i Hiếu 
980 |a Trung tâm Học liệu Trường Đại học Cần Thơ